| 000 | 00774nam a2200229Ii 4500 | ||
|---|---|---|---|
| 003 | JO-AjNU | ||
| 008 | 230605s9999||||xx |||||||||||||| ||und|| | ||
| 017 | _a2009/9177 | ||
| 020 | _a978-977-477-023-4 | ||
| 040 |
_aJO-AjNU _bara _erda _cJO-AjNU |
||
| 041 | _aara | ||
| 050 | 1 | 4 | _aQA76.9 2010 |
| 100 | 3 |
_aمصطفى، سليمان/ م . مشارك فواز زغلول , _eauthor _944822 |
|
| 245 | 0 | 0 | _aتركيب البيانات وتصميم الخوارزميات |
| 250 | _aط1 | ||
| 264 | 3 | 1 | _aالقاهرة:الشركة العربية المتحدة، 2010 |
| 300 | _a168ص | ||
| 336 |
_atext _btxt _2rdacontent |
||
| 337 |
_aunmediated _bn _2rdamedia |
||
| 338 |
_avolume _bnc _2rdacarrier |
||
| 650 | 4 |
_aالخوارزميات-برمجة حاسبات _944823 |
|
| 999 |
_aA19383 _c22951 _d22951 |
||